Top NHL Draft Picks Quiz - Statistics

General Stats
  • This quiz has been taken 50 times
  • The average score is 28 of 57
Answer Stats
Year Selected by Player % Correct
2016* Maple Leafs Auston Matthews
100%
2015* Oilers Connor McDavid
100%
2019* Devils Jack Hughes
100%
2013* Avalanche Nathan MacKinnon
98%
2007* Blackhawks Patrick Kane
98%
2005* Penguins Sidney Crosby
98%
2004* Capitals Alexander Ovechkin
93%
2009* Islanders John Tavares
93%
2008* Lightning Steven Stamkos
93%
2018* Sabres Rasmus Dahlin
91%
2010* Oilers Taylor Hall
91%
2011* Oilers Ryan Nugent-Hopkins
88%
2003* Penguins Marc-André Fleury
86%
2001* Thrashers Ilya Kovalchuk
84%
2002 Blue Jackets Rick Nash
84%
2014* Panthers Aaron Ekblad
81%
2012 Oilers Nail Yakupov
81%
2017* Devils Nico Hischier
81%
2006* Blues Erik Johnson
72%
1997* Bruins Joe Thornton
72%
1984 Penguins Mario Lemieux
72%
1998 Lightning Vincent Lecavalier
70%
2000 Islanders Rick DiPietro
67%
1989 Nordiques Mats Sundin
65%
1991 Nordiques Eric Lindros
63%
1993 Senators Alexandre Daigle
56%
1999 Thrashers Patrik Štefan
53%
1988 North Stars Mike Modano
51%
1985 Maple Leafs Wendel Clark
49%
1971 Canadiens Guy Lafleur
47%
1996 Senators Chris Phillips
44%
1981 Jets Dale Hawerchuk
40%
1978 North Stars Bobby Smith
30%
1973 Islanders Denis Potvin
30%
1994 Panthers Ed Jovanovski
30%
1990 Nordiques Owen Nolan
30%
1970 Sabres Gilbert Perreault
28%
1992 Lightning Roman Hamrlík
23%
1995 Senators Bryan Berard
21%
1987 Sabres Pierre Turgeon
21%
1983 North Stars Brian Lawton
16%
1980 Canadiens Doug Wickenheiser
16%
1982 Bruins Gord Kluzak
14%
1986 Red Wings Joe Murphy
14%
1969 Canadiens Réjean Houle
12%
1979 Rockies Rob Ramage
12%
1975 Flyers Mel Bridgman
9%
1976 Capitals Rick Green
9%
1977 Red Wings Dale McCourt
7%
1963 Canadiens Garry Monahan
7%
1968 Canadiens Michel Plasse
7%
1965 Rangers André Veilleux
5%
1966 Bruins Barry Gibbs
5%
1972 Islanders Billy Harris
5%
1964 Red Wings Claude Gauthier
5%
1974 Capitals Greg Joly
5%
1967 Kings Rick Pagnutti
5%
No matching quizzes found
Score Distribution
Percent of People with Each Score
Percentile by Number Answered
Your Score History
You have not taken this quiz